Statistics for Minecraft Items by Crafting Table Combinations (With Pictures) #11

Click here to take the quiz!

General Stats

  • This quiz has been taken 30 times
  • The average score is 6 of 9

Answer Stats

Answer% Correct
Leather Tunic
96%
Furnace
89%
Glowstone
85%
Hopper
81%
Glass Bottle
78%
Minecart
59%
Note Block
52%
Painting
48%
Tipped Arrow
37%

Score Distribution

Percentile by Number Answered

Percent of People with Each Score

Your Score History

You have not taken this quiz